[Event "Hamburg-ch Seniors 65+"]
[Site "Hamburg"]
[Date "2018.11.07"]
[Round "8"]
[White "Strenzke, Guenter"]
[Black "Ruehr, Wilfried"]
[Result "1/2-1/2"]
[WhiteElo "1986"]
[BlackElo "1974"]
[PlyCount "47"]
[EventDate "2018.10.31"]
[EventType "swiss"]
[EventRounds "9"]
[EventCountry "GER"]
[SourceTitle "CBM 189 Extra"]
[Source "ChessBase"]
[SourceDate "2019.06.03"]
[SourceVersion "1"]
[SourceVersionDate "2019.06.03"]
[SourceQuality "1"]

1. d4 Nf6 2. Nf3 c5 3. e3 d6 4. Nbd2 Nbd7 5. Bd3 g6 6. b3 Bg7 7. Bb2 0-0 8. 0-0 b6 9. Qe2 Bb7 10. c4 Qc7 11. d5 Rae8 12. Ng5 h6 13. Nge4 e6 14. Nxf6+ Nxf6 15. dxe6 Rxe6 16. Rab1 Qc6 17. f3 d5 18. Bxf6 Rxf6 19. cxd5 Qxd5 20. Be4 Qd7 21. Rbd1 Bc6 22. Nc4 Qc7 23. Bxc6 Rxc6 24. Rd3 1/2-1/2

[Event "Hamburg-ch Seniors 65+"]
[Site "Hamburg"]
[Date "2018.11.04"]
[Round "5"]
[White "Ruehr, Wilfried"]
[Black "Stuhlmann, Alexander"]
[Result "1-0"]
[WhiteElo "1974"]
[BlackElo "1890"]
[PlyCount "85"]
[EventDate "2018.10.31"]
[EventType "swiss"]
[EventRounds "9"]
[EventCountry "GER"]
[SourceTitle "CBM 189 Extra"]
[Source "ChessBase"]
[SourceDate "2019.06.03"]
[SourceVersion "1"]
[SourceVersionDate "2019.06.03"]
[SourceQuality "1"]

1. d4 f5 2. Bf4 Nf6 3. e3 g6 4. h3 d6 5. Nf3 Bg7 6. Bc4 d5 7. Bb3 e6 8. Nbd2 c6 9. Ne5 Nbd7 10. Ndf3 Ne4 11. 0-0 0-0 12. c4 Kh8 13. Rc1 Ndf6 14. Ng5 Qe8 15. cxd5 Nxg5 16. Bxg5 Ne4 17. Bf4 exd5 18. f3 Nf6 19. Re1 h6 20. a4 a5 21. Bc2 Nd7 22. Nd3 Qf7 23. Qd2 g5 24. Bc7 f4 25. Nf2 fxe3 26. Rxe3 Nf6 27. Bxa5 Nh5 28. Bb4 Rg8 29. Re7 Qf4 30. Qxf4 Nxf4 31. Bc5 Ne6 32. Bb6 Rf8 33. Re1 Bxd4 34. Bxd4+ Nxd4 35. Bd1 b5 36. axb5 Nxb5 37. Nd3 Bf5 38. Ne5 Ra7 39. Nxc6 Rxe7 40. Nxe7 Re8 41. Ba4 Bd3 42. Re3 Ra8 43. b3 1-0

[Event "Hamburg-ch Seniors 65+"]
[Site "Hamburg"]
[Date "2018.11.02"]
[Round "3"]
[White "Ruehr, Wilfried"]
[Black "Grimm, Uwe"]
[Result "1/2-1/2"]
[WhiteElo "1974"]
[BlackElo "2065"]
[PlyCount "55"]
[EventDate "2018.10.31"]
[EventType "swiss"]
[EventRounds "9"]
[EventCountry "GER"]
[SourceTitle "CBM 189 Extra"]
[Source "ChessBase"]
[SourceDate "2019.06.03"]
[SourceVersion "1"]
[SourceVersionDate "2019.06.03"]
[SourceQuality "1"]

1. d4 d5 2. Bf4 Nf6 3. e3 c6 4. Nd2 e6 5. Ngf3 Nbd7 6. Bd3 Be7 7. Ne5 Nxe5 8. dxe5 Nd7 9. c3 b6 10. Nf3 Nc5 11. Bc2 Ba6 12. Nd4 Qc8 13. b4 Ne4 14. Bxe4 dxe4 15. Qa4 Bb7 16. 0-0 0-0 17. Qb3 c5 18. Nb5 cxb4 19. cxb4 Bd5 20. Qb2 Qb7 21. Rfc1 Rac8 22. a3 Bc4 23. Nd6 Bxd6 24. exd6 b5 25. Be5 f6 26. Bd4 a6 27. Bc5 Rfd8 28. Qd4 1/2-1/2

[Event "Hamburg-ch MB"]
[Site "Hamburg"]
[Date "2017.06.06"]
[Round "4"]
[White "Ruehr, Wilfried"]
[Black "Schroeder, Kai Uwe"]
[Result "0-1"]
[WhiteElo "2014"]
[BlackElo "1858"]
[PlyCount "60"]
[EventDate "2017.06.03"]
[EventType "swiss"]
[EventRounds "9"]
[EventCountry "GER"]
[SourceTitle "CBM 179 Extra"]
[Source "ChessBase"]
[SourceDate "2017.08.23"]
[SourceVersion "1"]
[SourceVersionDate "2017.08.23"]
[SourceQuality "1"]

1. d4 e6 2. Bf4 Nf6 3. e3 c5 4. c3 b6 5. Nf3 cxd4 6. exd4 Bb7 7. Nbd2 Be7 8. Bd3 0-0 9. Rg1 Nd5 10. Be3 Nxe3 11. fxe3 d6 12. Qc2 g6 13. 0-0-0 Ba6 14. g4 Bxd3 15. Qxd3 h6 16. Ne4 Nd7 17. g5 d5 18. Nf6+ Nxf6 19. gxf6 Bxf6 20. Rxg6+ fxg6 21. Qxg6+ Bg7 22. Qxe6+ Kh7 23. Qg4 Qf6 24. Rg1 Rae8 25. Kd2 Re7 26. Ne5 Qf2+ 27. Kd1 Bxe5 28. Qg6+ Kh8 29. dxe5 Qxe3 30. Re1 Qg5 0-1

[Event "Hamburg Seniors op 19th"]
[Site "Hamburg"]
[Date "2012.10.29"]
[Round "6"]
[White "Ruehr, Wilfried"]
[Black "Stubbe, Werner"]
[Result "1-0"]
[WhiteElo "1933"]
[BlackElo "1790"]
[PlyCount "151"]
[EventDate "2012.10.24"]
[EventType "swiss"]
[EventRounds "9"]
[EventCountry "GER"]
[SourceTitle "EXT 2015"]
[Source "ChessBase"]
[SourceDate "2014.11.20"]
[SourceVersion "1"]
[SourceVersionDate "2014.11.20"]
[SourceQuality "1"]

1. d4 g6 2. Bf4 Bg7 3. c3 b6 4. e3 Bb7 5. Nf3 d6 6. Bc4 e6 7. Nbd2 Nf6 8. h3 Nbd7 9. 0-0 Qe7 10. Bh2 e5 11. dxe5 dxe5 12. a4 0-0 13. a5 a6 14. axb6 cxb6 15. Qe2 b5 16. Ba2 h6 17. Rfd1 Rad8 18. Nb3 Ne4 19. Na5 Ba8 20. Bd5 Bxd5 21. Rxd5 Qe6 22. Qd1 Qb6 23. Qc2 Nef6 24. Rd2 Nh7 25. b4 Ng5 26. Nxg5 hxg5 27. Nb3 f5 28. Rad1 Nb8 29. Nc5 Rxd2 30. Qxd2 Kh7 31. Nd7 Nxd7 32. Qxd7 Qf6 33. Rd6 Qf7 34. Qc6 Qb3 35. g3 Qb1+ 36. Kg2 f4 37. gxf4 gxf4 38. exf4 exf4 39. Qf3 Qf5 40. Rd5 Qe6 41. Rc5 Rf7 42. Rc6 Qf5 43. Rc5 Be5 44. c4 bxc4 45. Rxc4 Qg5+ 46. Kh1 Qh6 47. Re4 Qg7 48. Qb3 Rf5 49. Qf3 Qf6 50. Re1 Qb6 51. Re4 Qc6 52. Qe2 Rh5 53. Kg2 Qc3 54. Qg4 f3+ 55. Kh1 Qc1+ 56. Qg1 Qxg1+ 57. Kxg1 Bxh2+ 58. Kxh2 Rg5 59. Rg4 Rf5 60. Kg3 g5 61. Rc4 Rf6 62. Rc3 Rb6 63. Rc4 Kg6 64. Kg4 Rf6 65. Kg3 Kh5 66. Rc8 Rb6 67. Ra8 Rxb4 68. Rxa6 Rf4 69. Ra3 Rf5 70. Rxf3 Rxf3+ 71. Kxf3 Kh4 72. Kg2 Kh5 73. Kg3 Kh6 74. Kg4 Kg6 75. f3 Kh6 76. Kf5 1-0

[Event "Hamburg CupT"]
[Site "Hamburg"]
[Date "2012.02.19"]
[Round "2.3"]
[White "Schroeder, Kai Uwe"]
[Black "Ruehr, Wilfried"]
[Result "0-1"]
[WhiteElo "1812"]
[BlackElo "1966"]
[PlyCount "48"]
[EventDate "2012.02.18"]
[EventType "team-k.o."]
[EventRounds "4"]
[EventCountry "GER"]
[SourceTitle "EXT 2022"]
[Source "ChessBase"]
[SourceDate "2021.10.06"]
[SourceVersion "1"]
[SourceVersionDate "2021.10.06"]
[SourceQuality "1"]
[WhiteTeam "Wilhelmsburg"]
[BlackTeam "Hamburg Weisse Dame"]
[WhiteTeamCountry "GER"]
[BlackTeamCountry "GER"]

1. e4 d5 2. exd5 Qxd5 3. Nc3 Qd6 4. d4 c6 5. g3 Nf6 6. Nf3 Bg4 7. Bg2 e6 8. 0-0 Nbd7 9. a3 Qc7 10. Bf4 Bd6 11. Bxd6 Qxd6 12. Ne2 0-0 13. c3 h6 14. Re1 Rfd8 15. Qb3 Qc7 16. Rad1 b5 17. h3 Bf5 18. Nf4 a5 19. Ne5 Nxe5 20. Rxe5 a4 21. Qa2 Qxe5 22. dxe5 Rxd1+ 23. Kh2 Bb1 24. Qa1 Bc2 0-1

[Event "Hamburg HSK Elo op 5th"]
[Site "Hamburg"]
[Date "2007.04.29"]
[Round "3.11"]
[White "Hagenlueke, Thomas"]
[Black "Ruehr, Wilfried"]
[Result "0-1"]
[WhiteElo "1930"]
[BlackElo "2036"]
[PlyCount "86"]
[EventDate "2007.04.28"]
[EventType "swiss"]
[EventRounds "7"]
[EventCountry "GER"]
[SourceTitle "EXT 2009"]
[Source "ChessBase"]
[SourceDate "2008.11.26"]
[SourceVersion "1"]
[SourceVersionDate "2008.11.26"]
[SourceQuality "1"]

1. e4 d5 2. Nc3 dxe4 3. Nxe4 Nf6 4. Nxf6+ exf6 5. d4 Bd6 6. Nf3 Bg4 7. Be2 0-0 8. h3 Bh5 9. 0-0 Nd7 10. Be3 Re8 11. Re1 c6 12. Qd2 Qc7 13. Nh4 Bg6 14. Nxg6 hxg6 15. Bf3 f5 16. Qd3 Nf6 17. Bd2 Qd7 18. Rxe8+ Rxe8 19. Re1 Rxe1+ 20. Bxe1 Qe6 21. Qc3 Qxa2 22. b3 Qa3 23. d5 c5 24. Qa5 Qxa5 25. Bxa5 g5 26. Bd8 g4 27. hxg4 fxg4 28. Bxf6 gxf3 29. Bb2 fxg2 30. Kxg2 b5 31. f3 g6 32. Kf2 f5 33. Ke3 Kf7 34. Kd3 Ke7 35. Ke3 g5 36. Kf2 Bf4 37. Ke2 Kd6 38. Kf2 Kxd5 39. Bf6 a5 40. Bd8 a4 41. bxa4 bxa4 42. Bf6 a3 43. Ba1 Be5 0-1

[Event "Hamburg HSK Elo op 5th"]
[Site "Hamburg"]
[Date "2007.04.29"]
[Round "4.4"]
[White "Ruehr, Wilfried"]
[Black "Hebbinghaus, Holger"]
[Result "1/2-1/2"]
[WhiteElo "2036"]
[BlackElo "2316"]
[PlyCount "50"]
[EventDate "2007.04.28"]
[EventType "swiss"]
[EventRounds "7"]
[EventCountry "GER"]
[SourceTitle "EXT 2009"]
[Source "ChessBase"]
[SourceDate "2008.11.26"]
[SourceVersion "1"]
[SourceVersionDate "2008.11.26"]
[SourceQuality "1"]

1. d4 d5 2. Nf3 Nc6 3. Bf4 Bg4 4. e3 e6 5. Nbd2 Bd6 6. Bg3 Nf6 7. Be2 0-0 8. Bh4 Bf5 9. c3 Be7 10. h3 Ne4 11. Bxe7 Qxe7 12. g4 Bg6 13. h4 Nxd2 14. Nxd2 f6 15. h5 Bf7 16. Qc2 e5 17. Nf3 Be6 18. Rg1 Qd6 19. Rg2 e4 20. Ng1 Ne7 21. Nh3 c5 22. Nf4 cxd4 23. cxd4 Rfc8 24. Qd2 Bd7 25. f3 exf3 1/2-1/2